Un abrazo.

Uloženo v:
Podrobná bibliografie
Hlavní autor: Baranda, María (autora)
Další autoři: Varela, Cecilia (ilustradora)
Médium: Kniha
Vydáno: Ciudad de México, México: Ediciones El Naranjo, 2009.
Témata:
Tagy: Přidat tag
Žádné tagy, Buďte první, kdo vytvoří štítek k tomuto záznamu!

MARC

LEADER 00000nam a22000007a 4500
003 CL-VaPUC
005 20250321101918.0
008 250113t2009 ||||| |||| 00| 0 eng d
999 |c 446478  |d 446476 
020 |a 978-607-7661-08-5 
040 |c Pontificia Universidad Católica de Valparaíso 
082 |a 808.068 BAR 2009 
100 |9 895336  |a Baranda, María  |e autora 
245 |a Un abrazo. 
260 |a Ciudad de México, México:  |b Ediciones El Naranjo,  |c 2009. 
300 |a sin numeración;  |b ilustraciones. 
500 |a c.1-c.3 Instituto Arcos.08-01-2025. 
583 |c 20250113  |k Gabriela Rodríguez Cuevas 
650 0 |9 307465  |a Literatura infantil   |x Cuentos ilustrados  
700 |9 895337  |a Varela, Cecilia  |e ilustradora 
942 |2 ddc  |c BK  |n 0 
952 |0 0  |1 0  |2 ddc  |4 0  |6 808_068000000000000_BAR_2009  |7 0  |9 599227  |a BIBINC  |b BIBINC  |c GEN  |d 2025-01-13  |e Instituto Arcos  |i 5664109  |o 808.068 BAR 2009  |p 5664109  |r 2025-01-13  |t 1  |w 2025-01-13  |y BK  |k IFP 
952 |0 0  |1 0  |2 ddc  |4 0  |6 808_068000000000000_BAR_2009  |7 0  |9 599228  |a BIBINC  |b BIBINC  |c GEN  |d 2025-01-13  |e Instituto Arcos  |i 5664110  |o 808.068 BAR 2009  |p 5664110  |r 2025-01-13  |t 2  |w 2025-01-13  |y BK  |k IFP 
952 |0 0  |1 0  |2 ddc  |4 0  |6 808_068000000000000_BAR_2009  |7 0  |9 599229  |a BIBINC  |b BIBINC  |c GEN  |d 2025-01-13  |e Instituto Arcos  |i 5664111  |o 808.068 BAR 2009  |p 5664111  |r 2025-01-13  |t 3  |w 2025-01-13  |y BK  |k IFP